| 000 | 00795nam a22002297a 4500 | ||
|---|---|---|---|
| 999 |
_c15215 _d15215 |
||
| 003 | MIRAKIL | ||
| 005 | 20230425115952.0 | ||
| 008 | 230425b tu ||||| |||| 00| 0 tur d | ||
| 020 | _a9786257288644 | ||
| 040 |
_aTR-AnCHP _cTR-AnCHP |
||
| 041 | _atur | ||
| 082 |
_a956.101521 _bF27 2021 |
||
| 245 |
_aFatih Sultan Mehmed/ _ceditör: Barış Cezar ; yayıma hazırlayan : Necat Birinci. |
||
| 260 |
_aİstanbul: _bİstanbul Büyükşehir Belediyesi Kültür A.Ş., _c20216. |
||
| 300 |
_a655 s.: _bfotğ.,; _c27 sm. |
||
| 504 | _aKaynakça ve dizin vardır. | ||
| 650 | 0 |
_9710 _aOsmanlı İmparatorluğu _xFatih Sultan Mehmet _xTarih |
|
| 651 | 0 |
_95576 _aİstanbul (Türkiye) _xTarih |
|
| 700 |
_97394 _aCezar, Barış _eed. |
||
| 700 |
_97395 _aBirinci, Necat _eyaym. haz. |
||
| 942 |
_2ddc _cBKS |
||